[Event "Moscow Botvinnik Memorial Cup"]
[Site "Moscow"]
[Date "2024.09.08"]
[Round "8.32"]
[White "Jumaeva, Malika"]
[Black "Abbasov, Farid"]
[Result "0-1"]
[WhiteElo "1708"]
[BlackElo "2487"]
[PlyCount "102"]
[EventDate "2024.09.04"]
[EventType "team-tourn"]
[EventRounds "9"]
[EventCountry "RUS"]
[SourceTitle "EXT 2025"]
[Source "ChessBase"]
[SourceDate "2024.10.14"]
[SourceVersion "1"]
[SourceVersionDate "2024.10.14"]
[SourceQuality "1"]
[WhiteTeam "Uzbekistan"]
[BlackTeam "Azerbaijan"]
[WhiteTeamCountry "UZB"]
[BlackTeamCountry "AZE"]

1. c4 e5 2. Nc3 Nf6 3. g3 Bb4 4. Bg2 0-0 5. e3 Bxc3 6. bxc3 Nc6 7. Ne2 e4 8. 0-0 Ne5 9. Ba3 Re8 10. c5 b6 11. d4 Nc4 12. Qa4 Nd2 13. cxb6 cxb6 14. Rfd1 Nf3+ 15. Bxf3 exf3 16. Nf4 Bb7 17. h4 Re4 18. Qb5 Qc8 19. Rac1 Ba6 20. Qf5 d5 21. Qxc8+ Rxc8 22. Bd6 Bc4 23. Rc2 Rc6 24. Bb4 Re8 25. Kh2 h5 26. Rdc1 g6 27. Rb2 Ne4 28. Nh3 Nf6 29. Nf4 Ng4+ 30. Kg1 Kg7 31. Ra1 f6 32. a4 a5 33. Ba3 g5 34. hxg5 fxg5 35. Nh3 Kg6 36. Rab1 Ree6 37. Rc1 Nf6 38. Kh2 Ne4 39. Rg1 Kf5 40. Rc1 Bd3 41. Rb3 Re8 42. Kg1 Nd2 43. Rb2 Nc4 44. Rb3 Rh6 45. Kh2 Be4 46. Bb2 Reh8 47. Rh1 g4 48. Nf4 h4 49. Kg1 hxg3 50. Rxh6 Rxh6 51. fxg3 Rh1+ 0-1

[Event "Moscow Botvinnik Memorial Cup"]
[Site "Moscow"]
[Date "2024.09.05"]
[Round "2.8"]
[White "Jumaeva, Malika"]
[Black "Demidov, Mikhail"]
[Result "0-1"]
[WhiteElo "1708"]
[BlackElo "2549"]
[PlyCount "120"]
[EventDate "2024.09.04"]
[EventType "team-tourn"]
[EventRounds "9"]
[EventCountry "RUS"]
[SourceTitle "EXT 2025"]
[Source "ChessBase"]
[SourceDate "2024.10.14"]
[SourceVersion "1"]
[SourceVersionDate "2024.10.14"]
[SourceQuality "1"]
[WhiteTeam "Uzbekistan"]
[BlackTeam "Russia"]
[WhiteTeamCountry "UZB"]
[BlackTeamCountry "RUS"]

1. c4 b6 2. Nc3 Bb7 3. e4 e5 4. Nf3 Nc6 5. d3 Bc5 6. Be3 Nge7 7. Be2 0-0 8. 0-0 f5 9. Nd5 Bxe3 10. fxe3 d6 11. Qe1 Ng6 12. Nd2 f4 13. exf4 exf4 14. Nf3 Nce5 15. Nd4 Bc8 16. Qd2 c5 17. Nf3 Be6 18. Nxe5 dxe5 19. b4 Qd6 20. Rab1 Ne7 21. bxc5 Qxc5+ 22. Kh1 Qd6 23. Qb4 Qxb4 24. Rxb4 Nc6 25. Rb2 Rac8 26. Kg1 g6 27. Kf2 Kf7 28. Ke1 Nd4 29. Kd2 Rc5 30. Bd1 Bxd5 31. cxd5 Rfc8 32. Bb3 Ke7 33. Rfb1 Kd6 34. Rf1 g5 35. h3 Rb5 36. Rfb1 Rbc5 37. Rf1 Rg8 38. Bd1 Ra5 39. Bg4 Rg7 40. Rc1 Rc7 41. Rxc7 Kxc7 42. Kc1 Kd6 43. Kd2 Ra3 44. Bd1 Kc5 45. Bg4 b5 46. Bd1 a6 47. Bg4 b4 48. Bd1 a5 49. Bg4 a4 50. Bd1 h6 51. Bg4 b3 52. axb3 Nxb3+ 53. Kc2 Nd4+ 54. Kd2 Ra1 55. Kc3 a3 56. Rb8 Rc1+ 57. Kd2 Rc2+ 58. Kd1 a2 59. Rc8+ Kb6 60. Ra8 Rxg2 0-1

[Event "Asia-ch U12 Girls"]
[Site "Al Ain"]
[Date "2023.12.18"]
[Round "6"]
[White "Jumaeva, Malika"]
[Black "Le, Thai Hoang Anh"]
[Result "1-0"]
[WhiteElo "1526"]
[BlackElo "1641"]
[PlyCount "111"]
[EventDate "2023.12.14"]
[EventType "swiss"]
[EventRounds "9"]
[EventCountry "UAE"]
[SourceTitle "EXT 2025"]
[Source "ChessBase"]
[SourceDate "2024.10.14"]
[SourceVersion "1"]
[SourceVersionDate "2024.10.14"]
[SourceQuality "1"]

1. c4 e5 2. Nc3 Nf6 3. g3 Nc6 4. Bg2 Bc5 5. e3 d6 6. Nge2 Bf5 7. 0-0 Bd3 8. Qb3 Rb8 9. a3 0-0 10. Qa4 e4 11. Re1 Ne5 12. Nf4 Re8 13. Nxd3 Nxd3 14. Rf1 Qc8 15. b4 Bb6 16. Qc2 Nxc1 17. Raxc1 Qe6 18. Ne2 c6 19. Nf4 Qe7 20. h3 d5 21. d4 Bc7 22. Ne2 Rbc8 23. c5 g6 24. a4 h5 25. Qd2 Nh7 26. h4 g5 27. hxg5 Nxg5 28. Nf4 Nf3+ 29. Bxf3 exf3 30. Qd1 Qe4 31. Qd3 Bxf4 32. Qxe4 Rxe4 33. gxf4 Kh7 34. Kh2 h4 35. Rg1 Re6 36. Rg4 Rh6 37. Rcg1 Rf8 38. Kh3 Rg6 39. Rxh4+ Kg7 40. Rxg6+ fxg6 41. Kg3 a5 42. bxa5 Ra8 43. Rh1 Rxa5 44. Rb1 Rxa4 45. Rxb7+ Kh6 46. Rb6 Kh5 47. Rxc6 Ra1 48. Rd6 Rg1+ 49. Kxf3 g5 50. Rxd5 Kh4 51. Rxg5 Ra1 52. Ke4 Ra6 53. d5 Ra4+ 54. Kf5 Ra8 55. Rg7 Rf8+ 56. Ke6 1-0

[Event "Asia-ch U12 Girls"]
[Site "Al Ain"]
[Date "2023.12.16"]
[Round "3"]
[White "Akbari, Rosha"]
[Black "Jumaeva, Malika"]
[Result "0-1"]
[WhiteElo "1784"]
[BlackElo "1526"]
[PlyCount "138"]
[EventDate "2023.12.14"]
[EventType "swiss"]
[EventRounds "9"]
[EventCountry "UAE"]
[SourceTitle "EXT 2025"]
[Source "ChessBase"]
[SourceDate "2024.10.14"]
[SourceVersion "1"]
[SourceVersionDate "2024.10.14"]
[SourceQuality "1"]

1. e4 c5 2. Nf3 g6 3. d4 cxd4 4. Nxd4 Bg7 5. c4 Nc6 6. Be3 Nf6 7. Nc3 Ng4 8. Qxg4 Nxd4 9. Qd1 Nc6 10. Be2 d6 11. 0-0 0-0 12. Qd2 Be6 13. Nd5 Rc8 14. Rac1 b6 15. b3 Ne5 16. f4 Nd7 17. Nc3 Nc5 18. Bd4 Bxd4+ 19. Qxd4 f5 20. exf5 Bxf5 21. Bf3 Be6 22. Rfe1 Bf7 23. Bg4 e5 24. Qd2 Rb8 25. Nd5 e4 26. Qd4 Bxd5 27. Qxd5+ Kg7 28. Rf1 Nd3 29. Rcd1 Qe7 30. f5 Qe5 31. g3 Qxd5 32. cxd5 Ne5 33. f6+ Rxf6 34. Rxf6 Kxf6 35. Be6 Nd3 36. Kf1 Rf8 37. Ke2 Ke5 38. Bg4 Kd4 39. Rf1 Rxf1 40. Kxf1 Kxd5 41. a3 Kd4 42. b4 Ne5 43. Be6 Ke3 44. Bg8 Kf3 45. Bd5 Ng4 46. Bc6 Nxh2+ 47. Ke1 Ng4 48. a4 Nf6 49. a5 bxa5 50. bxa5 d5 51. a6 d4 52. g4 Nxg4 53. Bb5 d3 54. Bc6 Ke3 55. Ba4 d2+ 56. Kf1 Kd3 57. Bb5+ Kc2 58. Ba4+ Kc1 59. Ke2 Nf2 60. Kxf2 d1Q 61. Bxd1 Kxd1 62. Ke3 h5 63. Kxe4 Kc2 64. Kf4 Kb3 65. Kg5 Kb4 66. Kxg6 h4 67. Kf7 Kb5 68. Ke6 Kxa6 69. Kf5 h3 0-1

[Event "Wch U08 Girls"]
[Site "Weifang"]
[Date "2019.09.01"]
[Round "11"]
[White "Jumaeva, Malika"]
[Black "Wang, Rubei"]
[Result "1-0"]
[WhiteElo "1207"]
[BlackElo "1207"]
[PlyCount "113"]
[EventDate "2019.08.21"]
[EventType "swiss"]
[EventRounds "11"]
[EventCountry "CHN"]
[SourceTitle "EXT 2020"]
[Source "ChessBase"]
[SourceDate "2019.10.17"]
[SourceVersion "1"]
[SourceVersionDate "2019.10.17"]
[SourceQuality "1"]

1. c4 e5 2. Nc3 Nf6 3. e3 Bb4 4. Be2 0-0 5. Nf3 Nc6 6. a3 Bxc3 7. dxc3 d5 8. cxd5 Qxd5 9. 0-0 e4 10. Nd4 Nxd4 11. exd4 b5 12. Be3 Qd7 13. Qb3 Qd5 14. c4 bxc4 15. Bxc4 Qb7 16. Qc2 Rb8 17. b4 Bd7 18. Rac1 Rbc8 19. Rfe1 Bb5 20. Bxb5 Qxb5 21. Qc5 Qa6 22. b5 Qb6 23. Qxb6 cxb6 24. Rc6 Nd5 25. Rec1 Ne7 26. Rc7 Rxc7 27. Rxc7 Nc8 28. Kf1 h6 29. Ke2 Rd8 30. Bf4 Re8 31. Kd2 Rd8 32. Kc3 Re8 33. d5 Ne7 34. Kc4 Ng6 35. Be3 Ne5+ 36. Kd4 Nd3 37. d6 Nc5 38. Kd5 Ne6 39. Re7 Rxe7 40. dxe7 Nc7+ 41. Kc6 Ne8 42. Kd7 Nf6+ 43. Kd8 Kh7 44. Bd4 e3 45. fxe3 Kg6 46. Bxf6 gxf6 47. e8Q Kf5 48. Qxf7 Ke4 49. Qxf6 Kxe3 50. Qxh6+ Kf2 51. Qe6 Kxg2 52. Qf5 Kxh2 53. Qg4 a5 54. bxa6 b5 55. a7 b4 56. a8Q b3 57. Qag2# 1-0